00410nam a2200157Ia 4500003000400000008004100004040001600045082001300061100001600074245003800090260005200128300001000180490002500190650001500215650002200230GCL140319s9999 xx 000 0 eng d aGCL / cGCL04a843bZ D1 aZOLA, EMILE10aLE DOCTEUR PASCAL / cZOLA, EMILE a[S.N] : bLIBRAIRE GENERALE FRANCAISE ، c1994 a406 P aLE LIVRE DE POCHEv004aLITERATURE04aFRENCH LITERATURE